000 01134nam a2200361Ia 4500
001 dia_6028
003 CHAP
005 20230323101829.0
008 220117s2013 xx 000 0 und d
010 _a177215
020 _a978-607-421-121-4
040 _cCHAP
082 _a808.839352055 M87 T65 2013
100 _aMurakami, Haruki
_9160491
245 _aTokio blues : Norwegian wood /
_c Haruki Murakami ; traducción Lourdes Porta
260 _aMéxico :
_b Tusquets Editores,
_c2013
300 _a381 p.
440 _aMaxi
_9160492
500 _aTítulo original: Norwegian wood
503 _aC.
590 _aPL856.U673 T65 2013
650 _aCollege students
_xFiction
_9160498
650 _aFiction
_9152751
650 _aJapanese literature
_x21st century
_9160499
650 _aLiteratura japonesa
_xSiglo XXI
_9160500
650 _aNovela
_982011
650 _aVida estudiantil
_xNovela
_9160501
700 _aPorta, Lourdes, tr.
_9160502
901 _a808.839352055 M87 T65 2013
902 _aA
905 _a5232272013 mx x 9222222332spa16
942 _cLIBRO
_2ddc
999 _c177215
_d177215